Catálogo

ECONOMIA DE LAS EMPRESAS INDUSTRIALES (Registro nro. 25027)

Detalles MARC
000 -LEADER
fixed length control field 00517nam a2200181 a 4500
001 - CONTROL NUMBER
control field 25027
005 - DATE AND TIME OF LATEST TRANSACTION
control field 20180713223321.0
008 - FIXED-LENGTH DATA ELEMENTS--GENERAL INFORMATION
fixed length control field 140415s1969 000 0 spa d
041 ## - LANGUAGE CODE
Language code of text/sound track or separate title spa
082 ## - DEWEY DECIMAL CLASSIFICATION NUMBER
Classification number 338.1
Item number RAU
100 1# - MAIN ENTRY--PERSONAL NAME
Personal name RAUTENSTRAUCH, WALTER
245 10 - TITLE STATEMENT
Title ECONOMIA DE LAS EMPRESAS INDUSTRIALES
260 ## - PUBLICATION, DISTRIBUTION, ETC.
Place of publication, distribution, etc. [s.l.] :
Name of publisher, distributor, etc. FONDO DE CULTURA ECONOMICA,
Date of publication, distribution, etc. 1969
300 ## - PHYSICAL DESCRIPTION
Extent 510
490 ## - SERIES STATEMENT
Series statement SECCION DE OBRAS DE ECONOMIA
650 14 - SUBJECT ADDED ENTRY--TOPICAL TERM
Topical term or geographic name entry element ECONOMIA INDUSTRIAL
700 1# - ADDED ENTRY--PERSONAL NAME
Personal name VILLERS, RAYMOND
Relator term coaut.
Existencias
Withdrawn status Lost status Source of classification or shelving scheme Damaged status Not for loan Collection code Home library Current library Shelving location Date acquired Source of acquisition Inventory number Total Checkouts Full call number Barcode Date last seen Price effective from Koha item type
    Dewey Decimal Classification     General Biblioteca Karol Wojtyla Biblioteca Karol Wojtyla Sala general 03/12/2013 Compra 151000000000000000052151   338.1 RAU 4670 05/01/2026 03/12/2013 Libro